Normal view
MARC view
Entry Nombre personal
001 - NÚMERO DE CONTROL
- campo de control: 28722
003 - IDENTIFICADOR DEL NÚMERO DE CONTROL
- campo de control: BNPHU
005 - FECHA Y HORA DE LA ÚLTIMA TRANSACCIÓN
- campo de control: 20250211083323.0
008 - DATOS DE LONGITUD FIJA
- campo de control de longitud fija: 200615|| aca||aabn | a|a d
040 ## - FUENTE DE LA CATALOGACIÓN
- Centro catalogador/agencia de origen: DO-SdBNP
- Lengua de catalogación: spa
- Centro/agencia transcriptor: BNPHU
- Normas de descripción: rda
100 1# - ENCABEZAMIENTO-NOMBRE DE PERSONA
- Nombre de persona: Tejada Cabrera, Frank
370 ## - LUGAR ASOCIADO
- Lugar de nacimiento: Santo Domingo
372 ## - CAMPO DE ACTIVIDAD
- Campo de actividad: Economía
- Campo de actividad: Agronomía
- Campo de actividad: Administración
- Campo de actividad: Política y gobierno
374 ## - OCUPACIÓN
- Ocupación: Economistas
- Ocupación: Agricultores
- Ocupación: Ejecutivos
- Ocupación: Autores
- Ocupación: Funcionarios del gabinete
- Ocupación: Profesores
375 ## - GÉNERO/SEXO
- Género/Sexo: Masculino
377 ## - LENGUA/LENGUAJE ASOCIADO
- Código del idioma: spa
- Término de lengua/lenguaje: Español
400 1# - TRAZADO DE VÉASE--NOMBRE DE PERSONA
- Nombre de persona: Cabrera, Frank Tejada
670 ## - FUENTE DE DATOS ENCONTRADOS
- Cita de la fuente: Work cat.: (OSt)11817: Tejada Cabrera, Frank, Economía agrícola /, 2007.
670 ## - FUENTE DE DATOS ENCONTRADOS
- Cita de la fuente: Tejada Cabrera, Frank. Política agrícola, 2014:
- Información encontrada: portada (Frank Tejada Cabrera) páginas 531-534 (licenciado en economía, agronomía y administración; ha escrito libros sobre aspectos económicos de la agricultura dominicana, ha sido miembro del gabinete de 2009-2012, ha dictado conferencias sobre temas económicos dominicanos, ha escrito artículos para los periódicos dominicanos Hoy, Listín Diario, El Caribe y El Siglo)
670 ## - FUENTE DE DATOS ENCONTRADOS
- Identificador Uniforme del Recurso: https://authorities.loc.gov/cgi-bin/Pwebrecon.cgi?AuthRecID=10531613&v1=1&HC=1&SEQ=20250211075843&PID=X4fplZ87haXHaXIsQ5I_7MbiQO7Sf Consultado en 11 de febrero, 2025
